Music Quiz

Random Music or Song Quiz

Tasty Songs Quiz Stats

 Plays Quiz Updated Jul 12, 2017

Support Sporcle.
Go Orange.
Score 0/15 Timer 01:30
1 Play Today
Question Answer Wrong Answers
_____ Home Alabama
Lynyrd Skynyrd
Sweet
94.6%
Bitter
0.3%
Hot
0.2%
Sour
0.1%
Home _____ Home
Carrie Underwood
Sweet
94.2%
Bitter
0.4%
Hot
0.2%
Sour
0.1%
_____ N Cold
Katy Perry
Hot
93.8%
Sweet
0.6%
Bitter
0.6%
Sour
0.1%
_____ Child O' Mine
Guns N' Roses
Sweet
93.6%
Bitter
0.6%
Hot
0.6%
Sour
0.3%
The _____ End
Placebo
Bitter
88.8%
Sweet
2.9%
Hot
0.8%
Sour
2.1%
_____ Stuff
Donna Summer
Hot
88.6%
Sweet
4.3%
Bitter
1.1%
Sour
0.9%
_____ Patch Kids
Asher Roth
Sour
87.5%
Sweet
2.8%
Bitter
2.2%
Hot
2.2%
_____ In The City
Billy Idol
Hot
85%
Sweet
3.9%
Bitter
3.2%
Sour
2.6%
Ain't She _____
The Beatles
Sweet
82.8%
Bitter
2.6%
Hot
8.3%
Sour
1.1%
_____ Rivals
Sleigh Bells
Bitter
82.1%
Sweet
6%
Hot
3.5%
Sour
2.8%
Sail Away _____ Sister
Queen
Sweet
78.5%
Bitter
6.6%
Hot
4.2%
Sour
5%
_____ Sweet Symphony
The Verve
Bitter
76.6%
Sweet
16.5%
Hot
1.1%
Sour
0.9%
_____ About Me
Gabriella Cilmi
Sweet
37%
Bitter
30.2%
Hot
20%
Sour
6.8%
_____ Girl
Stone Temple Pilots
Sour
22.6%
Sweet
24.2%
Bitter
9.5%
Hot
38.2%
_____ Times
Portishead
Sour
20.1%
Sweet
15.7%
Bitter
33.1%
Hot
25.3%

You're not logged in!

Compare scores with friends on all Sporcle quizzes.
OR
Log In
Forgot?

From the Vault

Classic Rock from A to Z

by amwoods13

The only thing you usually need in classic rock is tight pants and a crazy head of hair.
Remove Ads.
Support Sporcle.
Get the best of Sporcle when you Go Orange. This ad-free experience offers more features, more stats, and more fun while also helping to support Sporcle. Thank you for becoming a member.

Show Comments

Extras

Top Quizzes Today


Score Distribution

Your Account Isn't Verified!

In order to create a playlist on Sporcle, you need to verify the email address you used during registration. Go to your Sporcle Settings to finish the process.

Report this User

Report this user for behavior that violates our Community Guidelines.

Details: